000 00857nam a22002057a 4500
999 _c15250
_d15250
003 OSt
082 _2631.587 MIN/FE
088 _aP 75
100 _aMINIL KUMAR K. X
_93800
245 _aFeasibility of scs - curve number method of runoff estimation for small sloping watersheds of western ghats
260 _aTavanur 1998
_bDEPARTMENT OF IRRIGATION AND DRAINAGE ENGINEERING
300 _a62
500 _aFeasibility of scs - curve number method of runoff estimation for small sloping watersheds of western ghats
520 _aFeasibility of scs - curve number method of runoff estimation for small sloping watersheds of western ghats
700 _aNarayan Nair
_93801
700 _aRajesh Kutty
_93802
700 _aEr. Abdul Hakkim V. M (Guide)
_93803
856 _uhttps://drive.google.com/open?id=1sc_ZbbJgsyLnG4iZ_Oxg3Re4_sgZdiH_
942 _cPR